[Event "Unna Open 2022"]
[Site "Unna"]
[Date "2022.12.28"]
[Round "3.15"]
[White "Xudagulyan, Xoren"]
[Black "Morawietz, Manuel"]
[Result "0-1"]
[WhiteElo "1728"]
[BlackElo "1903"]
[Annotator "Medger,Gernot"]
[PlyCount "121"]
[EventDate "2022.12.??"]
[EventType "tourn"]
[EventRounds "7"]
[EventCountry "GER"]

1. d4 e6 2. c4 Nf6 3. Nc3 d5 4. cxd5 exd5 5. Bg5 c6 6. Qc2 Be7 7. e3 O-O 8. Bd3
h6 9. Bh4 Be6 10. Nge2 Nbd7 11. Bxf6 Nxf6 12. Rb1 Qd7 13. b4 b6 14. Na4 Rac8
15. O-O Bd6 16. Rfc1 Qe7 17. Qd2 Bd7 18. a3 Rfe8 19. Ng3 g6 20. Nc3 h5 21. Nf1
Kg7 22. Re1 Ne4 23. Qb2 f5 24. f3 Nxc3 25. Qxc3 Qf6 26. Qd2 Re7 27. Re2 Rce8
28. Rbe1 f4 29. Bb1 fxe3 30. Rxe3 Rxe3 31. Nxe3 Qf4 32. g3 Qxf3 33. Qd3 Re6 34.
Qd2 h4 35. Qc3 hxg3 36. Nf5+ Qxf5 37. Bxf5 Rxe1+ 38. Qxe1 gxh2+ 39. Kf2 Bxf5
40. b5 Be4 41. bxc6 h1=Q 42. Qxh1 Bxh1 43. Ke3 g5 44. Kf2 Kf6 45. a4 Bc7 46. a5
Ke6 47. axb6 axb6 48. Kg1 Be4 49. Kf2 g4 50. Kg1 b5 51. Kf1 g3 52. Ke1 g2 53.
Kf2 Bh2 54. Ke2 Kd6 55. c7 Kxc7 56. Kd2 b4 57. Kc1 g1=Q+ 58. Kd2 Qf2+ 59. Kd1
Qc2+ 60. Ke1 Bg3+ 61. Kf1 0-1

[Event "Unna Open 2022"]
[Site "Unna"]
[Date "2022.12.28"]
[Round "3.16"]
[White "Winkler, Yonathan"]
[Black "Foltin, Alica"]
[Result "1-0"]
[WhiteElo "1994"]
[BlackElo "1587"]
[Annotator "Medger,Gernot"]
[PlyCount "77"]
[EventDate "2022.12.??"]
[EventType "tourn"]
[EventRounds "7"]
[EventCountry "GER"]

1. e4 d6 2. d4 Nf6 3. Nc3 Nbd7 4. Nf3 e5 5. Bc4 Be7 6. O-O h6 7. Qd3 c6 8. dxe5
dxe5 9. Be3 Ng4 10. Ne2 Qc7 11. Ng3 b5 12. Bb3 g6 13. a4 b4 14. Nd2 h5 15. Qc4
Rh7 16. a5 h4 17. Ne2 Nf8 18. Ba4 Bd7 19. c3 h3 20. g3 Rb8 21. Bc5 Be6 22. Bb6
axb6 23. Bxc6+ Nd7 24. Qb5 bxa5 25. Qa4 bxc3 26. Nxc3 Rxb2 27. Nd5 Bxd5 28.
exd5 Rxd2 29. Qxg4 Rd4 30. f4 Bc5 31. Kh1 Qd6 32. Rae1 Rh5 33. fxe5 Rxg4 34.
exd6+ Kd8 35. Rxf7 Rh8 36. Rxd7+ Kc8 37. Rc7+ Kb8 38. Rb7+ Kc8 39. d7+ 1-0

[Event "Unna Open 2022"]
[Site "Unna"]
[Date "2022.12.28"]
[Round "3.17"]
[White "Hammerschmidt, Martin"]
[Black "Gehring, Sven"]
[Result "0-1"]
[WhiteElo "1583"]
[BlackElo "1843"]
[Annotator "Medger,Gernot"]
[PlyCount "60"]
[EventDate "2022.12.??"]
[EventType "tourn"]
[EventRounds "7"]
[EventCountry "GER"]

1. e4 c5 2. Nf3 d6 3. d4 cxd4 4. Nxd4 Nf6 5. Nc3 a6 6. Be2 e5 7. Nb3 Be7 8. O-O
Be6 9. Bf3 O-O 10. Be3 Nbd7 11. Qd2 Nb6 12. Rad1 Nc4 13. Qc1 Nxe3 14. Qxe3 Qc7
15. Rd2 b5 16. Rfd1 h6 17. Nd5 Nxd5 18. exd5 Bf5 19. Qe1 Bg5 20. c3 Bxd2 21.
Nxd2 Bg6 22. Be4 Bxe4 23. Qxe4 Rac8 24. Re1 f5 25. Qb4 Qc5 26. Qb3 a5 27. Nf1
Qc4 28. Qxc4 bxc4 29. f4 Rfe8 30. fxe5 Rc5 0-1

[Event "Unna Open 2022"]
[Site "Unna"]
[Date "2022.12.28"]
[Round "3.18"]
[White "Brieger, Sebastian"]
[Black "Paul, André David"]
[Result "1-0"]
[WhiteElo "1841"]
[BlackElo "1583"]
[Annotator "Medger,Gernot"]
[PlyCount "65"]
[EventDate "2022.12.??"]
[EventType "tourn"]
[EventRounds "7"]
[EventCountry "GER"]

1. e4 e6 2. d4 d5 3. e5 c5 4. c3 Nc6 5. Nf3 Bd7 6. Be2 Rc8 7. O-O cxd4 8. cxd4
Qb6 9. Nc3 Na5 10. Bd3 a6 11. Qe2 h6 12. h4 Ne7 13. h5 Nec6 14. Be3 Nb4 15. Bb1
Nc4 16. a3 Qa5 17. Nh4 Nc6 18. Bd3 b5 19. b4 Qd8 20. g3 Be7 21. Ng6 Rg8 22.
Nxe7 Nxe7 23. Rfc1 a5 24. Qg4 Kf8 25. Qf3 axb4 26. axb4 Ra8 27. Rxa8 Qxa8 28.
Nxb5 Bxb5 29. Bxc4 Bxc4 30. Rxc4 Qa2 31. Rc7 Qb1+ 32. Bc1 Qa1 33. Qa3 1-0

[Event "Unna Open 2022"]
[Site "Unna"]
[Date "2022.12.28"]
[Round "3.19"]
[White "Neumann, Helena"]
[Black "Meyer, Ulrich"]
[Result "0-1"]
[WhiteElo "1575"]
[BlackElo "1830"]
[Annotator "Medger,Gernot"]
[PlyCount "104"]
[EventDate "2022.12.??"]
[EventType "tourn"]
[EventRounds "7"]
[EventCountry "GER"]

1. e4 c5 2. Nc3 Nc6 3. f4 g6 4. Nf3 Bg7 5. g3 d6 6. d3 e5 7. Bg2 Nge7 8. O-O
Rb8 9. a4 O-O 10. Nh4 Nd4 11. Nb5 Nec6 12. c3 Nxb5 13. axb5 Ne7 14. f5 f6 15.
Qb3+ Kh8 16. Rxa7 c4 17. Qa4 Qb6+ 18. Kh1 cxd3 19. Re1 Qf2 20. Nf3 gxf5 21. Be3
Qxb2 22. exf5 Bxf5 23. Bd2 Bd7 24. c4 Nc8 25. Qa3 Qxa3 26. Rxa3 Be6 27. Bf1
Bxc4 28. Bxd3 Bd5 29. Bf5 Ne7 30. Bc2 f5 31. Bb4 Rbd8 32. Kg1 Bxf3 33. Rxf3 e4
34. Ra3 Bd4+ 35. Kg2 Nd5 36. Bd2 Bc5 37. Ra4 Nb6 38. Bc3+ Kg8 39. Bb3+ d5 40.
Ra7 Rd7 41. Ra2 f4 42. Rxe4 Rdf7 43. Rxf4 Rxf4 44. gxf4 Rxf4 45. Rd2 Nc4 46.
Kg3 Re4 47. Rd3 Kf8 48. Rf3+ Ke7 49. Bc2 Re2 50. Bxh7 d4 51. Ba1 Bd6+ 52. Kg4
Ne5+ 0-1

[Event "Unna Open 2022"]
[Site "Unna"]
[Date "2022.12.28"]
[Round "3.20"]
[White "Kampert, Andreas"]
[Black "Muhr, Mattis"]
[Result "1-0"]
[WhiteElo "1830"]
[BlackElo "1551"]
[Annotator "Medger,Gernot"]
[PlyCount "75"]
[EventDate "2022.12.??"]
[EventType "tourn"]
[EventRounds "7"]
[EventCountry "GER"]

1. c4 e5 2. g3 Nf6 3. Nc3 Nc6 4. Bg2 Bc5 5. Nf3 O-O 6. O-O d6 7. a3 a5 8. e3
Be6 9. d4 e4 10. Ng5 Ba7 11. Qb3 d5 12. cxd5 Nxd5 13. Nxe6 fxe6 14. Bxe4 Nce7
15. Bd2 c5 16. dxc5 Bxc5 17. Rfd1 Qd7 18. Be1 Rfd8 19. Rd2 Kh8 20. Rad1 Rac8
21. Nxd5 exd5 22. Bxd5 Nxd5 23. Qxd5 Qxd5 24. Rxd5 Be7 25. Rxd8+ Rxd8 26. Rxd8+
Bxd8 27. Kg2 Kg8 28. Kf3 Kf7 29. Bc3 Bc7 30. Ke4 g6 31. Kd5 Ke7 32. Kc5 Ke6 33.
Kb5 b6 34. Bd4 Kd5 35. Bxb6 Be5 36. Bd4 Bc7 37. Bc3 a4 38. f3 1-0

[Event "Unna Open 2022"]
[Site "Unna"]
[Date "2022.12.28"]
[Round "3.21"]
[White "Pollerberg, Amelie"]
[Black "Medger, Gernot"]
[Result "1/2-1/2"]
[WhiteElo "1454"]
[BlackElo "1822"]
[Annotator "Medger,Gernot"]
[PlyCount "42"]
[EventDate "2022.12.??"]
[EventType "tourn"]
[EventRounds "7"]
[EventCountry "GER"]

1. c4 d6 2. Nc3 e5 3. d3 c6 4. g3 f5 5. Bg2 Nf6 6. e3 Be7 7. Nge2 O-O 8. d4
Nbd7 9. O-O h6 10. e4 Nb6 11. b3 fxe4 12. Nxe4 Nxe4 13. Bxe4 d5 14. cxd5 cxd5
15. Bc2 e4 16. Nf4 Qe8 17. f3 g5 18. Ng2 Bf5 19. fxe4 dxe4 20. Ne3 Bg6 21. Qg4
Rxf1+ 1/2-1/2

[Event "Unna Open 2022"]
[Site "Unna"]
[Date "2022.12.28"]
[Round "3.22"]
[White "Hart, Theo"]
[Black "Siebert, Michael"]
[Result "1-0"]
[WhiteElo "1788"]
[BlackElo "1435"]
[Annotator "Medger,Gernot"]
[PlyCount "79"]
[EventDate "2022.12.??"]
[EventType "tourn"]
[EventRounds "7"]
[EventCountry "GER"]

1. e3 Nf6 2. d4 e6 3. Nf3 d5 4. Nbd2 Be7 5. Bd3 h6 6. O-O O-O 7. c3 b6 8. e4
dxe4 9. Nxe4 Bb7 10. Qe2 Nbd7 11. Rd1 c5 12. dxc5 Nxc5 13. Nxf6+ Bxf6 14. Bh7+
Kxh7 15. Rxd8 Raxd8 16. Be3 Ba6 17. c4 Nd3 18. Qc2 Kg8 19. Rd1 Nxb2 20. Rxd8
Rxd8 21. h3 Bxc4 22. Kh2 Bxa2 23. Bc1 Bd5 24. Bxb2 Bxb2 25. Qxb2 Rb8 26. Ne5 b5
27. Qb4 a5 28. Qd6 Rb7 29. Qd8+ Kh7 30. Nd7 g6 31. Nf6+ Kg7 32. Ng4 b4 33. h4
b3 34. Qf6+ Kh7 35. Qf4 f5 36. Qxh6+ Kg8 37. Qxg6+ Rg7 38. Nf6+ Kh8 39. Qh6+
Rh7 40. Qxh7# 1-0

[Event "Unna Open 2022"]
[Site "Unna"]
[Date "2022.12.28"]
[Round "3.23"]
[White "Burosch, Raimund"]
[Black "Eiden, Markus"]
[Result "0-1"]
[WhiteElo "1429"]
[BlackElo "1744"]
[Annotator "Medger,Gernot"]
[PlyCount "58"]
[EventDate "2022.12.??"]
[EventType "tourn"]
[EventRounds "7"]
[EventCountry "GER"]

1. e4 e5 2. Nf3 Nc6 3. Bc4 Bc5 4. c3 Nf6 5. d4 exd4 6. cxd4 Bb4+ 7. Nc3 Nxe4 8.
O-O Bxc3 9. bxc3 d5 10. Re1 O-O 11. Qc2 Nxc3 12. Bd3 Ne4 13. Bxe4 dxe4 14. Rxe4
Bf5 15. Bg5 Bxe4 16. Qxe4 Qd7 17. d5 Na5 18. Ne5 Qd6 19. Bf4 Qf6 20. g4 Rfe8
21. Re1 h6 22. Nd7 Qd8 23. Qxe8+ Qxe8 24. Rxe8+ Rxe8 25. Nc5 b6 26. Na6 Re4 27.
Bg3 c5 28. dxc6 Nxc6 29. h3 Ra4 0-1

[Event "Unna Open 2022"]
[Site "Unna"]
[Date "2022.12.28"]
[Round "3.24"]
[White "Menne, Klaus"]
[Black "Zuleger, Detlev"]
[Result "0-1"]
[WhiteElo "1389"]
[BlackElo "1705"]
[Annotator "Medger,Gernot"]
[PlyCount "110"]
[EventDate "2022.12.??"]
[EventType "tourn"]
[EventRounds "7"]
[EventCountry "GER"]

1. e4 c5 2. Qf3 d6 3. Bc4 Nf6 4. h3 Nc6 5. c3 a6 6. a4 Ne5 7. Qe2 Nxc4 8. Qxc4
Bd7 9. Qe2 Rc8 10. c4 g6 11. d3 Bg7 12. Bd2 b5 13. axb5 Ra8 14. Ba5 Qb8 15. b6
Bc6 16. Nc3 O-O 17. Ra3 Nd7 18. Rb3 e6 19. Nf3 d5 20. cxd5 exd5 21. O-O Re8 22.
Nd2 d4 23. Nd1 Qb7 24. f3 Bb5 25. Nc4 Re6 26. Qc2 Rae8 27. Qb1 Bh6 28. Kh1 Qb8
29. Be1 f5 30. Bd2 Bxc4 31. Bxh6 Bxb3 32. Nf2 Qg3 33. Qc1 g5 34. Qxg5+ Qxg5 35.
Bxg5 Nxb6 36. exf5 Re1 37. Kg1 Nd5 38. Ne4 Rxf1+ 39. Kxf1 c4 40. dxc4 Bxc4+ 41.
Kf2 Rb8 42. Bc1 Nb4 43. g4 Nd3+ 44. Kg3 Nxc1 45. g5 Rxb2 46. h4 d3 47. h5 d2
48. Nxd2 Rxd2 49. g6 a5 50. Kf4 Bd3 51. Kg5 Rg2+ 52. Kf6 Bxf5 53. Kxf5 hxg6+
54. hxg6 Rxg6 55. Kxg6 a4 0-1

[Event "Unna Open 2022"]
[Site "Unna"]
[Date "2022.12.28"]
[Round "3.25"]
[White "Bui, Hoan Tam"]
[Black "Rewig, Adrian"]
[Result "1-0"]
[WhiteElo "1675"]
[BlackElo "1378"]
[Annotator "Medger,Gernot"]
[PlyCount "29"]
[EventDate "2022.12.??"]
[EventType "tourn"]
[EventRounds "7"]
[EventCountry "GER"]

1. e4 c6 2. d4 d5 3. exd5 cxd5 4. c4 Nf6 5. Nc3 Nc6 6. Bg5 dxc4 7. d5 Ne5 8.
Qd4 h6 9. Be3 Nfd7 10. Rc1 Nd3+ 11. Bxd3 cxd3 12. Qxd3 Nf6 13. Nb5 Bg4 14. Nc7+
Kd7 15. Qb5+ 1-0

[Event "Unna Open 2022"]
[Site "Unna"]
[Date "2022.12.28"]
[Round "3.26"]
[White "Nechitaylo, Lev"]
[Black "Pickhard, Tobias"]
[Result "0-1"]
[WhiteElo "1374"]
[BlackElo "1673"]
[Annotator "Medger,Gernot"]
[PlyCount "70"]
[EventDate "2022.12.??"]
[EventType "tourn"]
[EventRounds "7"]
[EventCountry "GER"]

1. e4 e6 2. d4 d5 3. e5 c5 4. c3 Nc6 5. Nf3 Qb6 6. Be2 cxd4 7. cxd4 Nge7 8. Nc3
Nf5 9. Na4 Bb4+ 10. Bd2 Qa5 11. b3 Bxd2+ 12. Qxd2 Qxd2+ 13. Kxd2 Nfxd4 14. Nxd4
Nxd4 15. Rac1 Nxe2 16. Kxe2 Bd7 17. Nc5 Rb8 18. Rc2 b6 19. Na6 Bb5+ 20. Kd2
Bxa6 21. Rhc1 O-O 22. Rc7 Rb7 23. Rxb7 Bxb7 24. Rc7 Rb8 25. Kc3 a5 26. Kd4 Ba6
27. Ra7 Bf1 28. g3 g5 29. Ke3 Kg7 30. f4 gxf4+ 31. Kxf4 Rd8 32. h4 d4 33. Kg5
d3 34. h5 h6+ 35. Kf4 d2 0-1

[Event "Unna Open 2022"]
[Site "Unna"]
[Date "2022.12.28"]
[Round "3.27"]
[White "Konrad, Alechander"]
[Black "Dziuk, Dariusz"]
[Result "1-0"]
[WhiteElo "1658"]
[BlackElo "1161"]
[Annotator "Medger,Gernot"]
[PlyCount "49"]
[EventDate "2022.12.??"]
[EventType "tourn"]
[EventRounds "7"]
[EventCountry "GER"]

1. d4 Nf6 2. c4 e6 3. Nc3 d5 4. Nf3 Bb4 5. Bg5 O-O 6. e3 h6 7. Bh4 Nbd7 8. cxd5
exd5 9. Qb3 Bxc3+ 10. bxc3 c6 11. Be2 g5 12. Bg3 Nb6 13. Ne5 Ne4 14. f3 Nxg3
15. hxg3 Kg7 16. Qc2 Nd7 17. f4 Nxe5 18. dxe5 f5 19. Kf2 g4 20. Qb2 b5 21. a4
bxa4 22. Rxa4 a5 23. Rd1 Ba6 24. Bxa6 Rxa6 25. Qb7+ 1-0

[Event "Unna Open 2022"]
[Site "Unna"]
[Date "2022.12.28"]
[Round "3.28"]
[White "Pennekamp, Christoph"]
[Black "Bertschik, Jonas"]
[Result "0-1"]
[WhiteElo "1313"]
[BlackElo "1637"]
[Annotator "Medger,Gernot"]
[PlyCount "52"]
[EventDate "2022.12.??"]
[EventType "tourn"]
[EventRounds "7"]
[EventCountry "GER"]

1. Nf3 d5 2. e3 Nf6 3. c4 c6 4. Nc3 Bg4 5. Qb3 Qb6 6. Ne5 Qxb3 7. axb3 Bf5 8.
d4 Nbd7 9. Nxd7 Kxd7 10. Be2 e6 11. e4 Nxe4 12. Bd3 Nd6 13. Be2 Be7 14. Bf4 Bf6
15. Be5 Bxe5 16. dxe5 Ne8 17. O-O g5 18. b4 Nc7 19. Rfd1 Ke7 20. b5 Rhd8 21. b4
d4 22. Na4 cxb5 23. cxb5 Rd5 24. Nb6 axb6 25. Bf3 Rxa1 26. Rxa1 Rxe5 0-1

[Event "Unna Open 2022"]
[Site "Unna"]
[Date "2022.12.28"]
[Round "3.29"]
[White "Kamper, Marco"]
[Black "Muhr, Martin"]
[Result "1-0"]
[WhiteElo "1635"]
[BlackElo "1127"]
[Annotator "Medger,Gernot"]
[PlyCount "105"]
[EventDate "2022.12.??"]
[EventType "tourn"]
[EventRounds "7"]
[EventCountry "GER"]

1. f4 d5 2. Nf3 Nf6 3. b4 a6 4. e3 g6 5. Bb2 Bg7 6. Be2 O-O 7. O-O Nc6 8. a3
Bg4 9. Ne5 Bxe2 10. Qxe2 Qd6 11. d3 d4 12. Nxc6 bxc6 13. Bxd4 a5 14. c3 a4 15.
Nd2 Nd5 16. Bxg7 Kxg7 17. Ne4 Qd8 18. f5 Qe8 19. Rf3 f6 20. c4 Nb6 21. Qf2 Nd7
22. Rh3 g5 23. Qe2 Rh8 24. Rh5 Ne5 25. g4 Nd7 26. Qb2 h6 27. Ng3 Qf7 28. Rh3
Ne5 29. Qe2 Rad8 30. Nh5+ Kf8 31. e4 e6 32. Rf1 Qd7 33. fxe6 Qd4+ 34. Kh1 Ke7
35. Ng7 Qc3 36. Rg3 Rxd3 37. Rxd3 Nxd3 38. Qf3 Rf8 39. Rd1 Rd8 40. Nf5+ Kxe6
41. Ne3 Qd4 42. Kg1 Qc3 43. Kf1 Qxa3 44. Nd5 cxd5 45. exd5+ Kf7 46. Qxd3 Qxb4
47. Qh7+ Ke8 48. Re1+ Kf8 49. Qxh6+ Kg8 50. Qg6+ Kh8 51. Qxf6+ Kh7 52. Re7+ Kg8
53. Qg7# 1-0

[Event "Unna Open 2022"]
[Site "Unna"]
[Date "2022.12.28"]
[Round "3.30"]
[White "Schulze-Ardey, Dario"]
[Black "Nadan, Nikolas"]
[Result "0-1"]
[WhiteElo "767"]
[BlackElo "1634"]
[Annotator "Medger,Gernot"]
[PlyCount "44"]
[EventDate "2022.12.??"]
[EventType "tourn"]
[EventRounds "7"]
[EventCountry "GER"]

1. e4 c5 2. Nf3 Nc6 3. d4 cxd4 4. Nxd4 d6 5. Nxc6 bxc6 6. Nc3 Nf6 7. Bd3 g6 8.
Bf4 Bg7 9. O-O O-O 10. Qd2 Rb8 11. b3 Qa5 12. Rfe1 Ng4 13. h3 Bxc3 14. Qe2 Nf6
15. Bd2 Bxd2 16. Red1 Bc3 17. Rab1 Qg5 18. g4 Nxg4 19. hxg4 Bxg4 20. Qf1 Bf3+
21. Kh2 Be5+ 22. Kh3 Qg4# 0-1

[Event "Unna Open 2022"]
[Site "Unna"]
[Date "2022.12.28"]
[Round "3.31"]
[White "Willems, Marcus"]
[Black "Werner, Michael"]
[Result "1-0"]
[WhiteElo "1628"]
[BlackElo "1200"]
[Annotator "Medger,Gernot"]
[PlyCount "53"]
[EventDate "2022.12.??"]
[EventType "tourn"]
[EventRounds "7"]
[EventCountry "GER"]

1. e4 c6 2. d4 d5 3. Nc3 dxe4 4. Nxe4 Bf5 5. Ng3 Bg6 6. h4 h5 7. Nf3 Nd7 8. Bd3
Bxd3 9. Qxd3 e6 10. Bd2 Ngf6 11. O-O-O Be7 12. Kb1 Ng4 13. Qe2 g6 14. Ng5 Qb6
15. f3 Ba3 16. Bc1 Ngf6 17. N3e4 O-O 18. g4 Kg7 19. Nxf6 Nxf6 20. Qe5 Rh8 21.
Ne4 Be7 22. g5 Kh7 23. Nxf6+ Bxf6 24. gxf6 Rad8 25. c4 a5 26. Rhg1 Qa6 27.
Qxh5+ 1-0

[Event "Unna Open 2022"]
[Site "Unna"]
[Date "2022.12.28"]
[Round "3.32"]
[White "Meinberger, Manfred"]
[Black "Weiner, Marc"]
[Result "1/2-1/2"]
[WhiteElo "1593"]
[BlackElo "1207"]
[Annotator "Medger,Gernot"]
[PlyCount "40"]
[EventDate "2022.12.??"]
[EventType "tourn"]
[EventRounds "7"]
[EventCountry "GER"]

1. d4 d5 2. c4 e6 3. Nc3 Bb4 4. cxd5 exd5 5. Bd2 Nf6 6. Qc2 O-O 7. e3 Re8 8.
Bd3 c5 9. Nf3 c4 10. Be2 Nc6 11. O-O b6 12. b3 Bxc3 13. Bxc3 b5 14. Nd2 Be6 15.
bxc4 bxc4 16. Bf3 Bg4 17. Bxg4 Nxg4 18. h3 Nf6 19. Rfe1 Ne4 20. Nxe4 Rxe4
1/2-1/2

[Event "Unna Open 2022"]
[Site "Unna"]
[Date "2022.12.28"]
[Round "3.33"]
[White "Ait Khouya, Muhammad"]
[Black "Böse, Marc"]
[Result "0-1"]
[WhiteElo "1277"]
[BlackElo "1568"]
[Annotator "Medger,Gernot"]
[PlyCount "120"]
[EventDate "2022.12.??"]
[EventType "tourn"]
[EventRounds "7"]
[EventCountry "GER"]

1. e4 e6 2. d4 d5 3. Nd2 Nf6 4. e5 Nfd7 5. c4 c5 6. cxd5 exd5 7. Ndf3 Nc6 8.
Ne2 cxd4 9. Nexd4 Ncxe5 10. Nxe5 Nxe5 11. Qe2 Bb4+ 12. Bd2 Bxd2+ 13. Qxd2 O-O
14. Be2 Nc6 15. Nc2 Be6 16. O-O Qb6 17. b3 Rfd8 18. Rfd1 Rd7 19. Qc3 Rad8 20.
Nd4 Nxd4 21. Rxd4 Rc7 22. Qe3 Rdc8 23. Bd3 Rc1+ 24. Rxc1 Rxc1+ 25. Qxc1 Qxd4
26. Qc2 g6 27. h3 Kg7 28. Kf1 Kf6 29. Ke2 Qe5+ 30. Kf1 Bf5 31. Bxf5 Qxf5 32.
Qxf5+ Kxf5 33. Ke2 Ke4 34. Kd2 Kd4 35. Kc2 f5 36. Kd2 g5 37. g3 Ke4 38. Ke2 g4
39. hxg4 fxg4 40. a4 d4 41. a5 d3+ 42. Kd2 Kf3 43. Kxd3 Kxf2 44. Kc4 Kxg3 45.
Kc5 b6+ 46. axb6 axb6+ 47. Kxb6 Kf2 48. Ka6 g3 49. b4 g2 50. b5 g1=Q 51. b6
Qa1+ 52. Kb7 h5 53. Kc7 Qa5 54. Kc6 h4 55. Kb7 h3 56. Kb8 Qxb6+ 57. Ka8 Qb2 58.
Ka7 h2 59. Ka8 h1=Q+ 60. Ka7 Qha1# 0-1

[Event "Unna Open 2022"]
[Site "Unna"]
[Date "2022.12.28"]
[Round "3.34"]
[White "Palermo, Julian"]
[Black "Schirmbeck, Lilian"]
[Result "1-0"]
[WhiteElo "1297"]
[BlackElo "1541"]
[Annotator "Medger,Gernot"]
[PlyCount "129"]
[EventDate "2022.12.??"]
[EventType "tourn"]
[EventRounds "7"]
[EventCountry "GER"]

1. c4 e5 2. Nc3 Nf6 3. g3 Bc5 4. Bg2 Nc6 5. e3 d6 6. Nge2 Bg4 7. O-O Qd7 8. Re1
Bh3 9. d4 Bb6 10. Nd5 Bxg2 11. Nxf6+ gxf6 12. Kxg2 h5 13. h4 Rg8 14. Nc3 Qf5
15. Nd5 Qe4+ 16. Qf3 Qxf3+ 17. Kxf3 Rg6 18. b4 Nxb4 19. Nxb4 Ba5 20. Ba3 c5 21.
dxc5 dxc5 22. Nd5 Bxe1 23. Nc7+ Kd7 24. Nxa8 Bb4 25. Bxb4 cxb4 26. Rd1+ Kc8 27.
Rd6 f5 28. Rxg6 fxg6 29. e4 Kb8 30. Ke3 Kxa8 31. f4 exf4+ 32. gxf4 fxe4 33.
Kxe4 a5 34. Ke5 a4 35. Kd4 Kb8 36. c5 b3 37. axb3 a3 38. Kc3 Kc7 39. b4 Kc6 40.
Kb3 Kb5 41. Kxa3 b6 42. cxb6 Kxb6 43. Kb3 Kb5 44. Kc3 Kb6 45. Kc4 Kc6 46. b5+
Kb6 47. Kd5 Kxb5 48. Ke5 Kc5 49. Kf6 Kd5 50. Kxg6 Ke4 51. Kg5 Kd5 52. Kxh5 Ke6
53. Kg6 Ke7 54. Kg7 Ke6 55. h5 Kf5 56. h6 Kxf4 57. h7 Kf5 58. h8=Q Kg5 59. Qg8
Kh4 60. Kg6 Kh3 61. Kg5 Kh2 62. Kg4 Kh1 63. Kg3 Kg1 64. Qa2 Kh1 65. Qg2# 1-0

[Event "Unna Open 2022"]
[Site "Unna"]
[Date "2022.12.28"]
[Round "3.35"]
[White "Jacob, Phil"]
[Black "Jäger, Jeremy"]
[Result "1/2-1/2"]
[WhiteElo "1526"]
[BlackElo "1299"]
[Annotator "Medger,Gernot"]
[PlyCount "34"]
[EventDate "2022.12.??"]
[EventType "tourn"]
[EventRounds "7"]
[EventCountry "GER"]

1. b3 e5 2. Bb2 Nc6 3. e3 d5 4. Be2 Nf6 5. Nf3 Bd6 6. O-O O-O 7. d3 Bg4 8. c4
dxc4 9. dxc4 Qe7 10. a3 Rad8 11. Qc1 e4 12. Nd4 Nxd4 13. exd4 Bxe2 14. Re1 Bh5
15. c5 Bxh2+ 16. Kxh2 Ng4+ 17. Kg1 Qh4 1/2-1/2

[Event "Unna Open 2022"]
[Site "Unna"]
[Date "2022.12.28"]
[Round "3.36"]
[White "Senel, Serdar"]
[Black "Naumann, Thomas"]
[Result "0-1"]
[WhiteElo "1228"]
[BlackElo "1520"]
[Annotator "Medger,Gernot"]
[PlyCount "98"]
[EventDate "2022.12.??"]
[EventType "tourn"]
[EventRounds "7"]
[EventCountry "GER"]

1. d4 Nf6 2. Nf3 d5 3. e3 g6 4. b3 Bg7 5. Bb2 O-O 6. Bd3 b6 7. Nbd2 Bb7 8. O-O
e6 9. Ne5 Nbd7 10. f4 Nxe5 11. dxe5 Nd7 12. c4 Qe7 13. Nf3 Rad8 14. Qc2 Nc5 15.
cxd5 Nxd3 16. Qxd3 Rxd5 17. Qe2 Rfd8 18. Rfd1 Qd7 19. Rxd5 Qxd5 20. Rc1 c5 21.
Rc2 Qd1+ 22. Qxd1 Rxd1+ 23. Kf2 Be4 24. Rd2 Bxf3 25. Rxd1 Bxd1 26. e4 Bc2 27.
Ke3 Bb1 28. a3 a5 29. Kd2 Bxe4 30. Kc3 Bxg2 31. Kc4 Bf1+ 32. Kc3 Bh6 33. Bc1 f6
34. exf6 Kf7 35. a4 Kxf6 36. h4 Kf5 37. Kc2 Bxf4 38. Bxf4 Kxf4 39. Kc3 e5 40.
Kd2 Kf3 41. Ke1 Ba6 42. h5 e4 43. hxg6 hxg6 44. b4 cxb4 45. Kd1 Kf2 46. Kc2 e3
47. Kb3 e2 48. Ka2 e1=Q 49. Kb3 Qb1# 0-1

[Event "Unna Open 2022"]
[Site "Unna"]
[Date "2022.12.28"]
[Round "3.37"]
[White "Naumann, Martin"]
[Black "Luccone, Constantin"]
[Result "1-0"]
[WhiteElo "1511"]
[BlackElo "1190"]
[Annotator "Medger,Gernot"]
[PlyCount "61"]
[EventDate "2022.12.??"]
[EventType "tourn"]
[EventRounds "7"]
[EventCountry "GER"]

1. e4 e5 2. Nf3 Nc6 3. d4 exd4 4. Nxd4 Nf6 5. Nxc6 bxc6 6. Nc3 d6 7. Bc4 Be7 8.
O-O O-O 9. Bf4 Be6 10. Bb3 Bg4 11. Qd3 Bh5 12. Rfe1 Bg6 13. Qe3 Qd7 14. h3 Rab8
15. Rad1 c5 16. e5 Ne8 17. e6 Qd8 18. exf7+ Bxf7 19. Qxe7 Qxe7 20. Rxe7 Bxb3
21. axb3 Nf6 22. Bg3 Rbc8 23. Rde1 Rfe8 24. Rxe8+ Rxe8 25. Rxe8+ Nxe8 26. Kf1
Kf7 27. Ke2 Ke6 28. Kd3 c6 29. Ne4 g6 30. c3 a6 31. Ng5+ 1-0

[Event "Unna Open 2022"]
[Site "Unna"]
[Date "2022.12.28"]
[Round "3.38"]
[White "Weiner, Timon Liam"]
[Black "Krolik, Wilfried"]
[Result "1-0"]
[WhiteElo "1153"]
[BlackElo "1472"]
[Annotator "Medger,Gernot"]
[PlyCount "49"]
[EventDate "2022.12.??"]
[EventType "tourn"]
[EventRounds "7"]
[EventCountry "GER"]

1. e4 c5 2. Nc3 d6 3. f4 Nf6 4. Bb5+ Bd7 5. Bxd7+ Nbxd7 6. d3 e6 7. Bd2 Be7 8.
Qf3 Rb8 9. Qg3 O-O 10. Nf3 Nh5 11. Qh3 Nhf6 12. g4 h6 13. Qg3 d5 14. Rg1 dxe4
15. dxe4 Nh7 16. g5 hxg5 17. fxg5 Nb6 18. g6 Nf6 19. gxf7+ Rxf7 20. Ng5 Nc4 21.
O-O-O Nh5 22. Nxf7 Nxg3 23. Nxd8 Nxd2 24. Rxg3 Nc4 25. Nxe6 1-0

[Event "Unna Open 2022"]
[Site "Unna"]
[Date "2022.12.28"]
[Round "3.39"]
[White "Le, Elias"]
[Black "Sviridov, Vitaliy"]
[Result "0-1"]
[WhiteElo "835"]
[BlackElo "1462"]
[Annotator "Medger,Gernot"]
[PlyCount "106"]
[EventDate "2022.12.??"]
[EventType "tourn"]
[EventRounds "7"]
[EventCountry "GER"]

1. e4 d5 2. exd5 Qxd5 3. Nf3 Bg4 4. Nc3 Qe6+ 5. Qe2 Qxe2+ 6. Bxe2 Nd7 7. h3 Bf5
8. Nh4 Bxc2 9. d3 Nc5 10. Kd2 Bxd3 11. Bxd3 O-O-O 12. Rd1 Rxd3+ 13. Ke2 Rxd1
14. Kxd1 Nf6 15. Bg5 h6 16. Be3 e6 17. Kc2 Be7 18. Nf3 Nd5 19. Nxd5 exd5 20.
Rd1 c6 21. Re1 Bd6 22. Ne5 Rf8 23. a3 Kc7 24. Nf3 b6 25. Nd4 Re8 26. Nf5 g5 27.
Nxd6 Rxe3 28. Nb5+ cxb5 29. Rxe3 Kd7 30. b4 Ne4 31. f3 Nd6 32. Kd3 Nc4 33. Re1
a5 34. bxa5 bxa5 35. Rb1 Nxa3 36. Rb3 b4 37. Kd4 Kd6 38. g3 Nb5+ 39. Ke3 Kc5
40. f4 a4 41. Rb1 d4+ 42. Kd3 a3 43. fxg5 hxg5 44. h4 a2 45. Rf1 Nc3 46. Rc1 b3
47. h5 b2 48. Rxc3+ dxc3 49. h6 b1=Q+ 50. Kxc3 a1=R 51. h7 Ra3+ 52. Kd2 Qb2+
53. Kd1 Ra1# 0-1

[Event "Unna Open 2022"]
[Site "Unna"]
[Date "2022.12.28"]
[Round "3.40"]
[White "Kommessin, Sabine"]
[Black "Ioffe, Leon"]
[Result "0-1"]
[WhiteElo "1111"]
[BlackElo "1412"]
[Annotator "Medger,Gernot"]
[PlyCount "81"]
[EventDate "2022.12.??"]
[EventType "tourn"]
[EventRounds "7"]
[EventCountry "GER"]

1. e4 d5 2. exd5 Nf6 3. c4 e6 4. dxe6 Bxe6 5. Nf3 Nc6 6. Be2 Bc5 7. O-O Qd7 8.
h3 O-O-O 9. d3 h6 10. Bf4 Rdg8 11. Nc3 g5 12. Bh2 g4 13. hxg4 Bxg4 14. Ne5 Nxe5
15. Bxe5 Bd4 16. Bxf6 Bxf6 17. Bxg4 Rxg4 18. Ne4 Rhg8 19. Qf3 Rxg2+ 20. Qxg2
Rxg2+ 21. Kxg2 Qg4+ 22. Kh1 Be5 23. Ng3 h5 24. Rae1 Bd6 25. Re4 Qh3+ 26. Kg1 h4
27. Re8+ Kd7 28. Rh8 Bxg3 29. fxg3 Qxg3+ 30. Kh1 h3 31. Rg1 Qxd3 32. Rhg8 Qxc4
33. Rd1+ Kc6 34. b3 Qe4+ 35. Kg1 h2+ 36. Kxh2 Qe2+ 37. Kh1 Qxd1+ 38. Rg1 Qd3
39. Rc1+ Kb6 40. Re1 Qg3 41. Re7 0-1